000 00962nac a22002291u 4500
010 _a97020862
020 _a0201175193 (alk. paper)
020 _a8178083876
082 0 0 _a005.74
_bA5321
090 _c576
_d576
100 _aAnahory, Sam.
245 1 0 _aData warehousing in the real world :
_ba practical guide for building decision support systems /
_cSam Anahory, Dennis Murray.
260 _aNew Delhi :
_bPearson Education,
_cc2003.
300 _axiv, 352 p. :
_bill. ;
_c25 cm.
500 _aIncludes index.
650 0 _aData warehousing.
650 0 _aDecision support systems.
700 1 _aMurray, Dennis.
942 _cBB
_k005.74A5321
999 _c576
_d576